Most populous cities throughout history according to Morris - Statistics

General Stats
  • This quiz has been taken 25 times
    14 since last reset
  • The average score is 10 of 20
Answer Stats
Year Present day Country Estimated Population Answer % Correct
1AD Italy 1,000,000 Rome
100%
200 Italy 800,000 Rome
100%
400 Italy 500,000 Rome
100%
200BC Egypt 300,000 Alexandria
75%
1200BC Iraq 80000 Babylon
75%
1000BC Iraq 35000 Babylon
75%
2000BC Iraq 60000 Memphis
67%
2000BC Egypt 60000 Memphis
67%
1500BC Egypt 75000 Thebes
50%
1200BC Egypt 80000 Thebes
50%
7000BC Turkey 1000 Çatalhöyük
33%
6000BC Turkey 3000 Çatalhöyük
33%
4000BC Iraq 5000 Uruk
33%
3000BC Iraq 45000 Uruk
33%
1500BC Iraq 75000 Uruk
33%
500BC China 150000 Qiyi
17%
4000BC Syria 5000 Tell Brak
17%
7000BC Jordan 1000 Basta
8%
7000BC Jordan 1000 Beida
8%
600 China 600,000 Daxing
8%
No matching quizzes found
Score Distribution
Percent of People with Each Score
Percentile by Number Answered
Your Score History
You have not taken this quiz since the last reset